| 000 | 00525cam a2200157 4500500 | ||
|---|---|---|---|
| 005 | 20251228090655.0 | ||
| 041 | _afre | ||
| 042 | _adc | ||
| 100 | 1 | 0 |
_aMellet-Barthélemy, Violaine _eauthor |
| 700 | 1 | 0 |
_aLeplay, Michel _eauthor |
| 245 | 0 | 0 | _aMichel Drouin |
| 260 | _c2014. | ||
| 500 | _a46 | ||
| 786 | 0 | _nBulletin de l’Amitié Charles Péguy | 148 | 4 | 2014-04-07 | p. 458-465 | 0180-8567 | |
| 856 | 4 | 1 | _uhttps://shs.cairn.info/revue-bulletin-de-lamitie-charles-peguy-2014-4-page-458?lang=fr&redirect-ssocas=7080 |
| 999 |
_c1602582 _d1602582 |
||